000 00643cam a2200229 a 4500
001 3315931
005 20180209070328.0
008 840426s1983 mau b 001 0 eng
010 _a 84048046
020 _a0674137604 (v. 1 : alk. paper)
040 _aDLC
_cDLC
_dDLC
_dOCoLC
_dDLC
041 _aeng
080 _a330.1
082 0 0 _a330.1 BEL
_219
100 1 _a19
101 _aSHP
245 1 0 _aSocial choice and justice.
504 _aIncludes bibliographies and index.
800 1 _aArrow, Kenneth J.
_q(Kenneth Joseph),
_d1921-2017.
_tEssays ;
_vv. 1.
906 _a7
_bcbc
_corignew
_d1
_eocip
_f19
_gy-gencatlg
942 _2ddc
_cBK
999 _c42244
_d42244